Progress in radio science 1960-63 (Record no. 3841)

MARC details
000 -LEADER
fixed length control field 00433nam a2200157Ia 4500
003 - CONTROL NUMBER IDENTIFIER
control field IN-BaIIA
008 - FIXED-LENGTH DATA ELEMENTS--GENERAL INFORMATION
fixed length control field 211028s9999 xx 000 0 eng d
040 ## - CATALOGING SOURCE
Transcribing agency IIA Library
080 ## - UNIVERSAL DECIMAL CLASSIFICATION NUMBER
Universal Decimal Classification number 551.510.5
Item number BRO-III
245 #0 - TITLE STATEMENT
Title Progress in radio science 1960-63
Remainder of title vol. 3
Statement of responsibility, etc. edited by Geoffery M. Brown
260 ## - PUBLICATION, DISTRIBUTION, ETC.
Place of publication, distribution, etc. Amsterdam
Name of publisher, distributor, etc. Elsevier
Date of publication, distribution, etc. 1965
300 ## - PHYSICAL DESCRIPTION
Extent 196p.
650 ## - SUBJECT ADDED ENTRY--TOPICAL TERM
Topical term or geographic name entry element Ionosphere
700 ## - ADDED ENTRY--PERSONAL NAME
Personal name Brown, Geoffrey M., ed.
9 (RLIN) 6836
942 ## - ADDED ENTRY ELEMENTS (KOHA)
Koha item type Books
Holdings
Withdrawn status Lost status Damaged status Not for loan Home library Current library Shelving location Date acquired Cost, normal purchase price Total Checkouts Full call number Barcode Date last seen Cost, replacement price Price effective from Koha item type Purchase Price
        IIA Library-Bangalore IIA Library-Bangalore General Stacks 16/12/1971 85.50   551.510.5/ BRO-III 4292 05/11/2021 85.50 16/12/1971 Books Rs. 85.50

Powered by Koha